000 00631nam a2200157Ia 4500
008 151213s9999 xx 000 0 und d
100 _aসুবীর চন্দ সরকার সংকলিত।
245 _aপেীরানিক অভিধান।
_cসুবীর চন্দ সরকার সংকলিত।
250 _a৯ম সং
260 _aকলিকাতা
_bএম.সি. সরকার
_cবাংলা ১৪১২
300 _a3647 p.
650 _aReference
650 _aReference
700 _aসুবীর চন্দ সরকার সংকলিত।
999 _c2434
_d2434